[Event "ODJM B 2025"]
[Site "Willingen GER"]
[Date "2025.06.11"]
[Round "6"]
[White "Winkler, Frida"]
[Black "Leonhardt, Lukas"]
[Result "0-1"]
[Termination "normal"]
[Board "57"]
[WhiteElo "1558"]
[BlackElo "1673"]
[WhiteClock "01:14:56"]
[BlackClock "00:05:21"]
[PlyCount "102"]
[WhiteFideId "34622322"]
[BlackFideId "34683950"]
[EventCountry "GER"]
[EventRounds "9"]
[EventType "swiss"]
[EventDate "2025.06.07"]

1. e4 {[%clk 01:30:58]} {[%emt 00:00:02]} e5 {[%clk 01:30:41]} {[%emt
00:00:19]} 2. Nf3 {[%clk 01:31:20]} {[%emt 00:00:08]} Nc6 {[%clk 01:30:41]}
{[%emt 00:00:30]} 3. Bc4 {[%clk 01:31:41]} {[%emt 00:00:08]} Bc5 {[%clk
01:30:27]} {[%emt 00:00:44]} 4. c3 {[%clk 01:32:01]} {[%emt 00:00:11]} Nf6
{[%clk 01:30:06]} {[%emt 00:00:51]} 5. d3 {[%clk 01:31:58]} {[%emt 00:00:33]}
O-O {[%clk 01:28:57]} {[%emt 00:01:39]} 6. Nbd2 {[%clk 01:28:40]} {[%emt
00:03:48]} d6 {[%clk 01:26:25]} {[%emt 00:03:02]} 7. Bb3 {[%clk 01:28:56]}
{[%emt 00:00:14]} Be6 {[%clk 01:18:55]} {[%emt 00:08:00]} 8. Bc2 {[%clk
01:28:33]} {[%emt 00:00:53]} Re8 {[%clk 01:11:19]} {[%emt 00:08:06]} 9. Nf1
{[%clk 01:28:27]} {[%emt 00:00:34]} Qd7 {[%clk 01:00:37]} {[%emt 00:11:14]} 10.
h3 {[%clk 01:26:34]} {[%emt 00:02:22]} Ne7 {[%clk 00:52:16]} {[%emt 00:08:51]}
11. d4 {[%clk 01:26:07]} {[%emt 00:00:57]} exd4 {[%clk 00:51:42]} {[%emt
00:01:04]} 12. cxd4 {[%clk 01:26:26]} {[%emt 00:00:12]} Bb4+ {[%clk 00:43:30]}
{[%emt 00:08:42]} 13. Bd2 {[%clk 01:26:35]} {[%emt 00:00:20]} Bxd2+ {[%clk
00:42:44]} {[%emt 00:01:16]} 14. Qxd2 {[%clk 01:26:51]} {[%emt 00:00:15]} c6
{[%clk 00:36:22]} {[%emt 00:06:52]} 15. Ne3 {[%clk 01:25:42]} {[%emt 00:01:39]}
Qd8 {[%clk 00:26:45]} {[%emt 00:10:06]} 16. O-O {[%clk 01:25:35]} {[%emt
00:00:37]} Ng6 {[%clk 00:23:58]} {[%emt 00:03:17]} 17. Ng5 {[%clk 01:23:28]}
{[%emt 00:02:37]} Bd7 {[%clk 00:21:47]} {[%emt 00:02:41]} 18. Qb4 {[%clk
01:19:23]} {[%emt 00:04:35]} Qc7 {[%clk 00:18:25]} {[%emt 00:03:53]} 19. Nc4
{[%clk 01:19:08]} {[%emt 00:00:44]} h6 {[%clk 00:13:29]} {[%emt 00:05:27]} 20.
Nf3 {[%clk 01:19:16]} {[%emt 00:00:22]} Nxe4 {[%clk 00:12:59]} {[%emt
00:01:00]} 21. Bxe4 {[%clk 01:19:07]} {[%emt 00:00:38]} Rxe4 {[%clk 00:12:54]}
{[%emt 00:00:35]} 22. Nxd6 {[%clk 01:19:13]} {[%emt 00:00:24]} Re6 {[%clk
00:11:17]} {[%emt 00:02:07]} 23. Nc4 {[%clk 01:17:31]} {[%emt 00:02:12]} b5
{[%clk 00:07:57]} {[%emt 00:03:51]} 24. Ncd2 {[%clk 01:17:23]} {[%emt
00:00:35]} Nf4 {[%clk 00:06:45]} {[%emt 00:01:44]} 25. Qb3 {[%clk 01:15:16]}
{[%emt 00:02:35]} Rg6 {[%clk 00:03:22]} {[%emt 00:03:57]} 26. Nh4 {[%clk
01:14:04]} {[%emt 00:01:38]} Ne2+ {[%clk 00:03:27]} {[%emt 00:00:27]} 27. Kh1
{[%clk 01:13:58]} {[%emt 00:00:35]} Rd6 {[%clk 00:02:41]} {[%emt 00:01:17]} 28.
Nhf3 {[%clk 01:11:59]} {[%emt 00:02:27]} Nxd4 {[%clk 00:03:03]} {[%emt
00:00:10]} 29. Nxd4 {[%clk 01:11:51]} {[%emt 00:00:38]} Rxd4 {[%clk 00:03:30]}
{[%emt 00:00:04]} 30. Nf3 {[%clk 01:12:08]} {[%emt 00:00:12]} Re4 {[%clk
00:02:42]} {[%emt 00:01:18]} 31. Rac1 {[%clk 01:11:02]} {[%emt 00:01:37]} a6
{[%clk 00:02:30]} {[%emt 00:00:42]} 32. Rfd1 {[%clk 01:09:59]} {[%emt
00:01:31]} Re2 {[%clk 00:01:38]} {[%emt 00:01:22]} 33. Kg1 {[%clk 01:08:33]}
{[%emt 00:01:57]} Qb6 {[%clk 00:01:16]} {[%emt 00:00:51]} 34. Nd4 {[%clk
01:06:59]} {[%emt 00:02:04]} Re4 {[%clk 00:01:11]} {[%emt 00:00:32]} 35. Qd3
{[%clk 01:05:14]} {[%emt 00:02:19]} Rae8 {[%clk 00:01:27]} {[%emt 00:00:15]}
36. Nb3 {[%clk 01:04:39]} {[%emt 00:00:59]} Bf5 {[%clk 00:01:38]} {[%emt
00:00:24]} 37. Qf3 {[%clk 01:04:21]} {[%emt 00:00:46]} Bg6 {[%clk 00:01:25]}
{[%emt 00:00:46]} 38. Nc5 {[%clk 01:03:49]} {[%emt 00:00:56]} R4e7 {[%clk
00:00:49]} {[%emt 00:01:08]} 39. b4 {[%clk 01:03:42]} {[%emt 00:00:40]} a5
{[%clk 00:00:43]} {[%emt 00:00:37]} 40. Nd7 {[%clk 01:03:23]} {[%emt 00:00:47]}
Qb7 {[%clk 00:00:32]} {[%emt 00:00:41]} 41. Nc5 {[%clk 01:01:32]} {[%emt
00:02:22]} Qc7 {[%clk 00:00:00]} {[%emt 00:11:20]} 42. Na6 {[%clk 01:23:04]}
{[%emt 00:01:48]} Qa7 {[%clk 00:25:27]} {[%emt 00:06:33]} 43. Nc5 {[%clk
01:20:27]} {[%emt 00:03:07]} Be4 {[%clk 00:14:41]} {[%emt 00:11:16]} 44. Nxe4
{[%clk 01:19:22]} {[%emt 00:01:35]} Rxe4 {[%clk 00:15:08]} {[%emt 00:00:03]}
45. Qc3 {[%clk 01:16:57]} {[%emt 00:02:55]} Re2 {[%clk 00:13:14]} {[%emt
00:02:23]} 46. Qf3 {[%clk 01:15:48]} {[%emt 00:01:39]} axb4 {[%clk 00:12:16]}
{[%emt 00:01:29]} 47. Rxc6 {[%clk 01:15:34]} {[%emt 00:00:44]} Qxa2 {[%clk
00:12:15]} {[%emt 00:00:32]} 48. Rb6 {[%clk 01:15:44]} {[%emt 00:00:19]} b3
{[%clk 00:09:37]} {[%emt 00:03:08]} 49. Rb7 {[%clk 01:14:53]} {[%emt 00:01:21]}
b2 {[%clk 00:08:46]} {[%emt 00:01:22]} 50. Kh2 {[%clk 01:14:39]} {[%emt
00:00:42]} b1=Q {[%clk 00:05:51]} {[%emt 00:03:27]} 51. Rxb1 {[%clk 01:14:56]}
{[%emt 00:00:13]} Rxf2 {[%clk 00:05:21]} {[%emt 00:00:59]} 0-1

[Event "ODJM B 2025"]
[Site "Willingen GER"]
[Date "2025.06.11"]
[Round "6"]
[White "Classen, Miguel"]
[Black "Schille, Marlene"]
[Result "1-0"]
[Termination "normal"]
[Board "58"]
[WhiteElo "1574"]
[BlackElo "1461"]
[WhiteClock "00:58:11"]
[BlackClock "00:37:03"]
[PlyCount "137"]
[WhiteFideId "34623825"]
[BlackFideId "533000670"]
[EventCountry "GER"]
[EventRounds "9"]
[EventType "swiss"]
[EventDate "2025.06.07"]

1. e4 {[%clk 01:30:58]} {[%emt 00:00:02]} c5 {[%clk 01:30:51]} {[%emt
00:00:09]} 2. Nf3 {[%clk 01:31:22]} {[%emt 00:00:05]} Nc6 {[%clk 01:31:16]}
{[%emt 00:00:06]} 3. d4 {[%clk 01:31:45]} {[%emt 00:00:07]} cxd4 {[%clk
01:31:39]} {[%emt 00:00:07]} 4. Nxd4 {[%clk 01:32:09]} {[%emt 00:00:05]} Nf6
{[%clk 01:32:01]} {[%emt 00:00:09]} 5. Nc3 {[%clk 01:32:33]} {[%emt 00:00:06]}
e5 {[%clk 01:32:19]} {[%emt 00:00:12]} 6. Ndb5 {[%clk 01:30:36]} {[%emt
00:02:26]} d6 {[%clk 01:32:13]} {[%emt 00:00:36]} 7. Bg5 {[%clk 01:30:01]}
{[%emt 00:01:05]} a6 {[%clk 01:32:18]} {[%emt 00:00:26]} 8. Na3 {[%clk
01:30:02]} {[%emt 00:00:28]} b5 {[%clk 01:32:14]} {[%emt 00:00:34]} 9. Nd5
{[%clk 01:29:20]} {[%emt 00:01:13]} Be7 {[%clk 01:31:18]} {[%emt 00:01:25]} 10.
Bxf6 {[%clk 01:29:00]} {[%emt 00:00:51]} Bxf6 {[%clk 01:31:36]} {[%emt
00:00:11]} 11. c3 {[%clk 01:28:21]} {[%emt 00:01:10]} O-O {[%clk 01:31:09]}
{[%emt 00:00:56]} 12. Be2 {[%clk 01:27:24]} {[%emt 00:01:27]} Bg5 {[%clk
01:29:57]} {[%emt 00:01:42]} 13. O-O {[%clk 01:24:51]} {[%emt 00:03:04]} Bb7
{[%clk 01:27:41]} {[%emt 00:02:45]} 14. Nc2 {[%clk 01:24:45]} {[%emt 00:00:37]}
Ne7 {[%clk 01:26:50]} {[%emt 00:01:19]} 15. Ncb4 {[%clk 01:24:37]} {[%emt
00:00:39]} Rb8 {[%clk 01:19:57]} {[%emt 00:07:24]} 16. c4 {[%clk 01:19:57]}
{[%emt 00:05:09]} bxc4 {[%clk 01:18:16]} {[%emt 00:02:10]} 17. Bxc4 {[%clk
01:20:03]} {[%emt 00:00:25]} Bxd5 {[%clk 01:14:55]} {[%emt 00:03:51]} 18. Nxd5
{[%clk 01:20:15]} {[%emt 00:00:18]} Nxd5 {[%clk 01:14:40]} {[%emt 00:00:45]}
19. Qxd5 {[%clk 01:20:33]} {[%emt 00:00:12]} Qb6 {[%clk 01:03:32]} {[%emt
00:11:34]} 20. b3 {[%clk 01:15:16]} {[%emt 00:05:52]} a5 {[%clk 01:02:26]}
{[%emt 00:01:35]} 21. Rfd1 {[%clk 01:15:02]} {[%emt 00:00:43]} Be7 {[%clk
01:01:33]} {[%emt 00:01:23]} 22. Rab1 {[%clk 01:07:30]} {[%emt 00:08:03]} Kh8
{[%clk 00:57:46]} {[%emt 00:04:17]} 23. Bd3 {[%clk 01:05:40]} {[%emt 00:02:20]}
Rbc8 {[%clk 00:57:10]} {[%emt 00:01:05]} 24. Rdc1 {[%clk 01:03:20]} {[%emt
00:02:51]} Kg8 {[%clk 00:49:24]} {[%emt 00:08:15]} 25. Rc4 {[%clk 00:52:31]}
{[%emt 00:11:20]} Rb8 {[%clk 00:45:16]} {[%emt 00:04:38]} 26. Rbc1 {[%clk
00:51:40]} {[%emt 00:01:22]} Qb5 {[%clk 00:37:32]} {[%emt 00:08:09]} 27. Qxb5
{[%clk 00:51:01]} {[%emt 00:01:13]} Rxb5 {[%clk 00:37:11]} {[%emt 00:00:51]}
28. Rc7 {[%clk 00:51:22]} {[%emt 00:00:10]} Bg5 {[%clk 00:29:49]} {[%emt
00:07:48]} 29. Bxb5 {[%clk 00:50:21]} {[%emt 00:01:34]} Bxc1 {[%clk 00:30:12]}
{[%emt 00:00:07]} 30. Rxc1 {[%clk 00:50:46]} {[%emt 00:00:05]} Rd8 {[%clk
00:30:28]} {[%emt 00:00:12]} 31. Bc4 {[%clk 00:50:40]} {[%emt 00:00:38]} Kf8
{[%clk 00:30:46]} {[%emt 00:00:12]} 32. Bd5 {[%clk 00:50:57]} {[%emt 00:00:12]}
Ke8 {[%emt 00:01:45]} 33. Rc6 {[%clk 00:51:17]} h6 {[%clk 00:29:04]} {[%emt
00:01:08]} 34. g3 {[%clk 00:51:34]} {[%emt 00:00:14]} f6 {[%clk 00:28:29]}
{[%emt 00:01:04]} 35. Ra6 {[%clk 00:51:56]} {[%emt 00:00:08]} Rc8 {[%clk
00:27:46]} {[%emt 00:01:14]} 36. Ra8 {[%clk 00:49:54]} {[%emt 00:02:32]} Rxa8
{[%clk 00:28:00]} {[%emt 00:00:16]} 37. Bxa8 {[%clk 00:50:17]} {[%emt
00:00:06]} Kd7 {[%clk 00:28:25]} {[%emt 00:00:05]} 38. a4 {[%clk 00:50:29]}
{[%emt 00:00:19]} Kc7 {[%clk 00:28:52]} {[%emt 00:00:03]} 39. Bd5 {[%clk
00:50:45]} {[%emt 00:00:13]} Kb6 {[%clk 00:29:18]} {[%emt 00:00:04]} 40. Kg2
{[%clk 00:51:08]} {[%emt 00:00:06]} Kc7 {[%clk 00:29:37]} {[%emt 00:00:11]} 41.
Kf3 {[%clk 00:51:28]} {[%emt 00:00:11]} Kb6 {[%clk 00:29:55]} {[%emt 00:00:13]}
42. Kg4 {[%clk 00:51:49]} {[%emt 00:00:07]} Kc7 {[%clk 00:30:06]} {[%emt
00:00:20]} 43. Kf5 {[%clk 00:52:12]} {[%emt 00:00:07]} Kd7 {[%clk 00:30:23]}
{[%emt 00:00:13]} 44. Kg6 {[%clk 00:52:34]} {[%emt 00:00:08]} Ke7 {[%clk
00:30:47]} {[%emt 00:00:06]} 45. Kxg7 {[%clk 00:52:56]} {[%emt 00:00:08]} h5
{[%clk 00:31:12]} {[%emt 00:00:05]} 46. Kg6 {[%clk 00:53:12]} {[%emt 00:00:14]}
h4 {[%clk 00:29:41]} {[%emt 00:02:01]} 47. Kh5 {[%clk 00:53:36]} {[%emt
00:00:06]} Kf8 {[%clk 00:30:04]} {[%emt 00:00:07]} 48. Kxh4 {[%clk 00:53:58]}
{[%emt 00:00:07]} Kg7 {[%clk 00:30:32]} {[%emt 00:00:02]} 49. Kh5 {[%clk
00:54:08]} {[%emt 00:00:19]} Kh7 {[%clk 00:30:56]} {[%emt 00:00:07]} 50. Be6
{[%clk 00:54:22]} {[%emt 00:00:16]} Kg7 {[%clk 00:31:19]} {[%emt 00:00:06]} 51.
Bf5 {[%clk 00:54:47]} {[%emt 00:00:06]} Kh8 {[%clk 00:31:42]} {[%emt 00:00:08]}
52. Kh6 {[%clk 00:55:08]} {[%emt 00:00:07]} Kg8 {[%clk 00:32:07]} {[%emt
00:00:06]} 53. h4 {[%clk 00:55:19]} {[%emt 00:00:19]} Kh8 {[%clk 00:32:33]}
{[%emt 00:00:03]} 54. g4 {[%clk 00:55:45]} {[%emt 00:00:05]} Kg8 {[%clk
00:32:57]} {[%emt 00:00:07]} 55. g5 {[%clk 00:56:10]} {[%emt 00:00:05]} fxg5
{[%clk 00:33:13]} {[%emt 00:00:13]} 56. hxg5 {[%clk 00:56:32]} {[%emt
00:00:07]} d5 {[%clk 00:33:27]} {[%emt 00:00:17]} 57. g6 {[%clk 00:56:28]}
{[%emt 00:00:34]} d4 {[%clk 00:33:25]} {[%emt 00:00:32]} 58. Be6+ {[%clk
00:56:45]} {[%emt 00:00:13]} Kf8 {[%clk 00:33:43]} {[%emt 00:00:12]} 59. g7+
{[%clk 00:57:07]} {[%emt 00:00:08]} Ke7 {[%clk 00:34:04]} {[%emt 00:00:09]} 60.
g8=Q {[%clk 00:57:25]} {[%emt 00:00:12]} d3 {[%clk 00:34:30]} {[%emt 00:00:34]}
61. Qf7+ {[%clk 00:57:04]} {[%emt 00:00:51]} Kd6 {[%clk 00:34:53]} {[%emt
00:00:07]} 62. Qd7+ {[%clk 00:57:24]} {[%emt 00:00:10]} Kc5 {[%clk 00:35:20]}
{[%emt 00:00:04]} 63. Qc7+ {[%clk 00:57:06]} {[%emt 00:00:47]} Kb4 {[%clk
00:35:30]} {[%emt 00:00:19]} 64. Qc4+ {[%clk 00:57:30]} {[%emt 00:00:07]} Ka3
{[%clk 00:35:50]} {[%emt 00:00:10]} 65. Qxd3 {[%clk 00:57:17]} {[%emt
00:00:43]} Kb4 {[%clk 00:35:50]} {[%emt 00:00:30]} 66. Qc4+ {[%clk 00:57:41]}
{[%emt 00:00:06]} Ka3 {[%clk 00:36:15]} {[%emt 00:00:04]} 67. Qc3 {[%clk
00:57:37]} {[%emt 00:00:35]} Ka2 {[%clk 00:36:37]} {[%emt 00:00:07]} 68. b4+
{[%clk 00:58:03]} {[%emt 00:00:04]} Kb1 {[%clk 00:37:03]} {[%emt 00:00:04]} 69.
Bb3 {[%clk 00:58:11]} {[%emt 00:00:22]} 1-0

[Event "ODJM B 2025"]
[Site "Willingen GER"]
[Date "2025.06.11"]
[Round "6"]
[White "Jüngling, Leonard"]
[Black "Peglau, Lorena"]
[Result "0-1"]
[Termination "normal"]
[Board "59"]
[WhiteElo "1522"]
[BlackElo "1464"]
[WhiteClock "00:43:30"]
[BlackClock "00:59:47"]
[PlyCount "52"]
[WhiteFideId "34669116"]
[BlackFideId "16290542"]
[EventCountry "GER"]
[EventRounds "9"]
[EventType "swiss"]
[EventDate "2025.06.07"]

1. e4 {[%clk 01:30:59]} e6 {[%clk 01:30:54]} {[%emt 00:00:07]} 2. d4 {[%clk
01:31:27]} {[%emt 00:00:02]} d5 {[%clk 01:31:18]} {[%emt 00:00:06]} 3. e5
{[%clk 01:31:54]} {[%emt 00:00:03]} c5 {[%clk 01:31:39]} {[%emt 00:00:08]} 4.
c3 {[%clk 01:32:22]} {[%emt 00:00:03]} Nc6 {[%clk 01:32:01]} {[%emt 00:00:08]}
5. Nf3 {[%clk 01:32:48]} {[%emt 00:00:04]} Bd7 {[%clk 01:31:59]} {[%emt
00:00:32]} 6. Bd3 {[%clk 01:32:53]} {[%emt 00:00:26]} Qc7 {[%clk 01:31:42]}
{[%emt 00:00:46]} 7. O-O {[%clk 01:32:37]} {[%emt 00:00:46]} Nge7 {[%clk
01:31:53]} {[%emt 00:00:18]} 8. Re1 {[%clk 01:31:33]} {[%emt 00:01:35]} Ng6
{[%clk 01:32:10]} {[%emt 00:00:13]} 9. h4 {[%clk 01:21:43]} {[%emt 00:10:21]}
Qb6 {[%clk 01:26:58]} {[%emt 00:05:42]} 10. Bc2 {[%clk 01:21:18]} {[%emt
00:00:54]} Be7 {[%clk 01:26:16]} {[%emt 00:01:12]} 11. g3 {[%clk 01:21:06]}
{[%emt 00:00:42]} Bd8 {[%clk 01:24:09]} {[%emt 00:02:36]} 12. a3 {[%clk
01:16:02]} {[%emt 00:05:35]} a5 {[%clk 01:18:30]} {[%emt 00:06:09]} 13. a4
{[%clk 01:12:37]} {[%emt 00:03:55]} O-O {[%clk 01:16:20]} {[%emt 00:02:40]} 14.
Na3 {[%clk 01:08:17]} {[%emt 00:04:50]} Bc7 {[%clk 01:06:24]} {[%emt 00:10:26]}
15. h5 {[%clk 01:00:16]} {[%emt 00:08:31]} Nh8 {[%clk 01:05:13]} {[%emt
00:01:40]} 16. Qd3 {[%clk 00:58:59]} {[%emt 00:01:48]} g6 {[%clk 01:03:20]}
{[%emt 00:02:23]} 17. h6 {[%clk 00:58:42]} {[%emt 00:00:47]} cxd4 {[%clk
01:03:13]} {[%emt 00:00:36]} 18. cxd4 {[%clk 00:58:50]} {[%emt 00:00:23]} f6
{[%clk 01:02:13]} {[%emt 00:01:30]} 19. Nb5 {[%clk 00:58:01]} {[%emt 00:01:19]}
fxe5 {[%clk 01:02:15]} {[%emt 00:00:28]} 20. Nxe5 {[%clk 00:56:57]} {[%emt
00:01:34]} Nxe5 {[%clk 01:01:55]} {[%emt 00:00:50]} 21. Qc3 {[%clk 00:49:57]}
{[%emt 00:07:30]} Nf3+ {[%clk 01:01:43]} {[%emt 00:00:42]} 22. Kh1 {[%clk
00:48:56]} {[%emt 00:01:31]} Nxe1 {[%emt 00:00:21]} 23. Nxc7 {[%clk 00:47:40]}
{[%emt 00:01:44]} Rac8 {[%clk 01:00:57]} {[%emt 00:01:27]} 24. Qxe1 {[%clk
00:46:03]} {[%emt 00:02:07]} Rxc7 {[%clk 01:00:47]} {[%emt 00:00:40]} 25. Qe5
{[%clk 00:45:36]} {[%emt 00:00:58]} Bc8 {[%clk 00:59:55]} {[%emt 00:01:21]} 26.
Bf4 {[%clk 00:43:30]} {[%emt 00:02:36]} Rff7 {[%clk 00:59:47]} {[%emt
00:00:37]} 0-1

[Event "ODJM B 2025"]
[Site "Willingen GER"]
[Date "2025.06.11"]
[Round "6"]
[White "Stoos, Laura-Alice"]
[Black "Hildebrand, Azat"]
[Result "1-0"]
[Termination "normal"]
[Board "60"]
[WhiteElo "1706"]
[BlackElo "1602"]
[WhiteClock "00:51:14"]
[BlackClock "01:13:30"]
[PlyCount "93"]
[WhiteFideId "34651497"]
[BlackFideId "34607536"]
[EventCountry "GER"]
[EventRounds "9"]
[EventType "swiss"]
[EventDate "2025.06.07"]

1. b3 {[%clk 01:30:59]} {[%emt 00:00:01]} d5 {[%clk 01:30:55]} {[%emt
00:00:05]} 2. Bb2 {[%clk 01:31:26]} {[%emt 00:00:03]} Nf6 {[%clk 01:31:16]}
{[%emt 00:00:09]} 3. e3 {[%clk 01:31:50]} {[%emt 00:00:06]} Bf5 {[%clk
01:31:40]} {[%emt 00:00:06]} 4. d4 {[%clk 01:32:05]} {[%emt 00:00:15]} e6
{[%clk 01:31:45]} {[%emt 00:00:25]} 5. Bd3 {[%clk 01:32:29]} {[%emt 00:00:06]}
Bxd3 {[%clk 01:31:36]} {[%emt 00:00:39]} 6. Qxd3 {[%clk 01:32:57]} {[%emt
00:00:02]} c5 {[%clk 01:31:50]} {[%emt 00:00:16]} 7. Nf3 {[%clk 01:33:04]}
{[%emt 00:00:24]} Nc6 {[%clk 01:32:00]} {[%emt 00:00:20]} 8. O-O {[%clk
01:32:56]} {[%emt 00:00:38]} Bd6 {[%clk 01:32:12]} {[%emt 00:00:18]} 9. dxc5
{[%clk 01:31:38]} {[%emt 00:01:47]} Bxc5 {[%clk 01:32:35]} {[%emt 00:00:07]}
10. c4 {[%clk 01:31:07]} {[%emt 00:01:01]} O-O {[%clk 01:31:01]} {[%emt
00:02:04]} 11. Nc3 {[%clk 01:29:18]} {[%emt 00:02:19]} dxc4 {[%clk 01:28:52]}
{[%emt 00:02:39]} 12. Qxc4 {[%clk 01:29:20]} {[%emt 00:00:28]} Qe7 {[%clk
01:28:59]} {[%emt 00:00:23]} 13. Ne4 {[%clk 01:25:34]} {[%emt 00:04:15]} Nxe4
{[%clk 01:28:47]} {[%emt 00:00:43]} 14. Qxe4 {[%clk 01:25:55]} {[%emt
00:00:09]} Ba3 {[%clk 01:29:01]} {[%emt 00:00:15]} 15. Bc3 {[%clk 01:22:57]}
{[%emt 00:03:27]} Bb4 {[%clk 01:29:05]} {[%emt 00:00:28]} 16. Rac1 {[%clk
01:14:05]} {[%emt 00:09:22]} Bxc3 {[%clk 01:28:53]} {[%emt 00:00:42]} 17. Rxc3
{[%clk 01:14:29]} {[%emt 00:00:07]} Rfd8 {[%clk 01:29:01]} {[%emt 00:00:21]}
18. Rfc1 {[%clk 01:12:42]} {[%emt 00:02:15]} Rac8 {[%clk 01:27:01]} {[%emt
00:02:31]} 19. Ne5 {[%clk 01:11:36]} {[%emt 00:01:36]} Qe8 {[%clk 01:25:30]}
{[%emt 00:02:02]} 20. Nxc6 {[%clk 01:11:02]} {[%emt 00:01:03]} Rxc6 {[%clk
01:25:04]} {[%emt 00:00:57]} 21. Rxc6 {[%clk 01:10:00]} {[%emt 00:01:32]} Qxc6
{[%clk 01:25:08]} {[%emt 00:00:25]} 22. Qxc6 {[%clk 01:10:13]} {[%emt
00:00:17]} bxc6 {[%clk 01:25:22]} {[%emt 00:00:17]} 23. Kf1 {[%clk 01:10:03]}
{[%emt 00:00:39]} Rd6 {[%clk 01:25:36]} {[%emt 00:00:17]} 24. Ke2 {[%clk
01:10:03]} {[%emt 00:00:30]} Kf8 {[%clk 01:25:58]} {[%emt 00:00:08]} 25. Rc4
{[%clk 01:09:47]} {[%emt 00:00:45]} a6 {[%clk 01:25:49]} {[%emt 00:00:40]} 26.
Rb4 {[%clk 01:06:16]} {[%emt 00:04:00]} c5 {[%clk 01:22:45]} {[%emt 00:03:35]}
27. Rb8+ {[%clk 01:02:10]} {[%emt 00:04:36]} Ke7 {[%clk 01:22:59]} {[%emt
00:00:17]} 28. Rc8 {[%clk 01:02:32]} {[%emt 00:00:07]} Rd5 {[%clk 01:17:54]}
{[%emt 00:05:35]} 29. Rc7+ {[%clk 00:58:51]} {[%emt 00:04:11]} Ke8 {[%clk
01:16:24]} {[%emt 00:02:00]} 30. Rc6 {[%clk 00:58:13]} {[%emt 00:01:07]} a5
{[%clk 01:16:00]} {[%emt 00:00:55]} 31. Ra6 {[%clk 00:56:25]} {[%emt 00:02:17]}
Rg5 {[%clk 01:16:22]} {[%emt 00:00:08]} 32. g3 {[%clk 00:56:27]} {[%emt
00:00:29]} Rh5 {[%clk 01:16:20]} {[%emt 00:00:32]} 33. h4 {[%clk 00:56:50]}
{[%emt 00:00:07]} Rd5 {[%clk 01:14:54]} {[%emt 00:01:56]} 34. Rxa5 {[%clk
00:56:32]} {[%emt 00:00:48]} Ke7 {[%clk 01:15:10]} {[%emt 00:00:13]} 35. e4
{[%clk 00:52:57]} {[%emt 00:04:06]} Re5 {[%clk 01:15:05]} {[%emt 00:00:36]} 36.
Ke3 {[%clk 00:52:08]} {[%emt 00:01:17]} f5 {[%clk 01:14:11]} {[%emt 00:01:25]}
37. Ra4 {[%clk 00:52:16]} {[%emt 00:00:23]} Kd6 {[%clk 01:12:48]} {[%emt
00:01:53]} 38. f4 {[%clk 00:51:57]} {[%emt 00:00:48]} Rxe4+ {[%clk 01:12:42]}
{[%emt 00:00:36]} 39. Rxe4 {[%clk 00:52:19]} {[%emt 00:00:06]} fxe4 {[%clk
01:13:09]} {[%emt 00:00:05]} 40. Kxe4 {[%clk 00:52:41]} {[%emt 00:00:08]} g6
{[%clk 01:13:16]} {[%emt 00:00:23]} 41. g4 {[%clk 00:51:25]} {[%emt 00:01:46]}
h6 {[%clk 01:12:48]} {[%emt 00:00:57]} 42. h5 {[%clk 00:50:32]} {[%emt
00:01:23]} gxh5 {[%clk 01:13:09]} {[%emt 00:00:10]} 43. gxh5 {[%clk 00:50:55]}
{[%emt 00:00:07]} Kc6 {[%clk 01:13:06]} {[%emt 00:00:33]} 44. Ke5 {[%clk
00:51:03]} {[%emt 00:00:21]} Kd7 {[%clk 01:13:14]} {[%emt 00:00:23]} 45. a4
{[%clk 00:51:19]} {[%emt 00:00:14]} Kc6 {[%clk 01:13:02]} {[%emt 00:00:42]} 46.
Kxe6 {[%clk 00:51:29]} {[%emt 00:00:19]} Kb6 {[%clk 01:13:30]} {[%emt
00:00:03]} 47. Kd5 {[%clk 00:51:14]} {[%emt 00:00:45]} 1-0